000 01773cad a2200289aa 4500
001 E159633
008 090813s2015 xxk f 000 0 eng d
020 _a9783319071589
035 _a(Sirsi) u159633
041 0 _aeng
050 0 4 _a346.410432 $2 18
050 0 4 _a526.9 $2 18
100 _aGay, Paul
245 0 0 _aPractical boundary surveying
_blegal and technical principles
_h[electronic resource]
250 _a2nd ed.
260 _a[S.l.]
_bSpringer
_c2015
520 _aProvides landowners, land surveyors and students with the necessary foundation to understand boundary surveying techniques and the common legal issues that govern boundary establishment. This book helps readers to understand why such challenges exist and what remedies may be available. Using only simple and logically explained mathematics, the principles and practice of boundary surveying are demystified for those without prior experience and the focused coverage of pivotal issues such as easements and setting lot corners will aid even licensed practitioners in untangling thorny cases. Practical advice on using both basic and advanced instruments is included, alongside clear explanations of legal regulations that will impact any surveyor?s work. For those who desire a more in-depth treatment of the mathematical aspects of boundary surveying, the Appendix includes the underlying theory and many examples of typical calculations performed by boundary surveyors.
521 _aAdvanced
590 _aKA
650 2 4 _aSURVEYING
650 2 4 _aLAND SURVEYING
650 2 4 _aBOUNDARIES
651 4 _aEngland and Wales
_y1543-
690 _aSURVEYING
856 4 8 _uhttps://www.vlebooks.com/
_zView on VLEbooks. Logins for members only from [email protected]
942 _n0
999 _c116064
_d116064